Sports Quiz

Random Sports or Blitz Quiz

NFL: 50,000 Yard Passers Quiz Stats

 Plays Quiz Updated Jan 2, 2019

Challenge
Share
Tweet
Embed
Score 0/9 Timer 01:00
17 Plays Today
Yards Passer % Correct
71,940Peyton Manning
98.3%
55,981Eli Manning
95.2%
70,514Tom Brady
95.2%
71,838Brett Favre
91.1%
61,361Dan Marino
87.6%
74,437Drew Brees
87.2%
54,656Philip Rivers
77%
51,475John Elway
74.5%
56,194Ben Roethlisberger
67.9%

You're not logged in!

Compare scores with friends on all Sporcle quizzes.
OR
Log In

You Might Also Like...

Show Comments

Extras

Top Quizzes Today


Score Distribution

Your Account Isn't Verified!

In order to create a playlist on Sporcle, you need to verify the email address you used during registration. Go to your Sporcle Settings to finish the process.

Report this User

Report this user for behavior that violates our Community Guidelines.

Details: